000 00996nam a22003137a 4500
001 0009621
003 KOHA_MİRAKIL
005 20260207001715.0
007 ta
008 091022b1999 tu |||gr||||#||||0|tur |
020 _a9756951273
_c0,01
040 _aTR-BiSEU
_btur
_cTR-BiSEU
_erda
041 0 _atur
044 _ctu
050 _aHG3769
_b.O93 1999
100 1 _aÖzdinç, Özer.
245 1 _aDerecelendirme sürecinde ekonometrik bir değerlendirme/
_cÖzer Özdinç ; Özer Özdinç.
264 1 _aAnkara :
_bSermaye Piyasası Kurulu
_c1999
300 _a144 sayfa: tablo; 24 cm.
336 _ametin
_btxt
_2rdacontent
337 _aaracısız
_bn
_2rdamedia
338 _acilt
_bnc
_2rdacarrier
490 1 _aYayın no ;
_v130
500 _aKütüphanede 2 kopya vardır.
650 0 _aBusiness failures--Mathematical methods.
_923797
650 0 _aİşletme başarısızlıkları--Matematiksel metodlar.
_923798
830 1 _aYayın no ;
_v130
_91619
942 _2lcc
_cBK
999 _c9593
_d9593